ERP systém pro finanční ředitele

ERP riešenie prináša finančným manažérom informácie o situácii podniku s predikciou na najbližšie obdobie, a to s minimálnou pracnosťou a v reálnom čase. Ciele finančných riaditeľov - zvyšovanie výkonnosti spoločnosti, zabezpečenie súladu s legislatívou a znižovanie rizík. Ako minimalizovať riziká....

Ausführliche Beschreibung

Gespeichert in:
Bibliographische Detailangaben
1. Verfasser: Králíček, Vladimír
Format: Buchkapitel
Sprache:Tschechisch
Schlagworte:
Tags: Tag hinzufügen
Keine Tags, Fügen Sie das erste Tag hinzu!

MARC

LEADER 00000naa a2200000 4500
001 0146142
005 20231129102649.8
041 0 |a cze 
044 |a CZ 
245 1 0 |a ERP systém pro finanční ředitele  |c Vladimír Králíček 
520 |a ERP riešenie prináša finančným manažérom informácie o situácii podniku s predikciou na najbližšie obdobie, a to s minimálnou pracnosťou a v reálnom čase. Ciele finančných riaditeľov - zvyšovanie výkonnosti spoločnosti, zabezpečenie súladu s legislatívou a znižovanie rizík. Ako minimalizovať riziká. Komplexné ERP riešenia schopné zahrnúť všetky aspekty podnikania. Nové riešenia v turbulentnej dobe. 
610 2 0 |a systémy informačné manažérske 
610 2 0 |a systémy informačné podnikové 
610 2 0 |a riadenie finančné 
610 2 0 |a efektívnosť 
610 2 0 |a výkonnosť 
610 2 0 |a plánovanie 
100 1 |a Králíček, Vladimír